MARC

LEADER 00000nam0a2200000 4500
001 84161
005 20231031100454.0
010 |a 5947235110 
035 |a (RuTPU)RU\TPU\book\90478 
035 |a RU\TPU\book\60152 
090 |a 84161 
100 |a 20051026d2004 m y0rusy50 ca 
101 0 |a rus 
102 |a RU 
105 |a a j 001zy 
200 1 |a Паскаль. Программирование на языке высокого уровня  |e учебник для вузов  |f Т. А. Павловская 
210 |a СПб.  |c Питер  |d 2004 
215 |a 393 с.  |c ил. 
225 1 |a Учебник для вузов 
225 1 |a Издательская программа "300 лучших учебников для высшей школы в честь 300-летия Санкт-Петербурга" 
320 |a Библиогр.: с. 382 
320 |a Алфавитный указатель: с. 383-392 
610 1 |a информатика 
610 1 |a языки программирования 
610 1 |a Паскаль 
610 1 |a теория 
610 1 |a лабораторные работы 
610 1 |a учебники 
675 |a 681.3.06:800.92(075.8)  |v 3 
700 1 |a Павловская  |b Т. А.  |g Татьяна Александровна 
801 1 |a RU  |b 63413507  |c 20031021  |g PSBO 
801 2 |a RU  |b 63413507  |c 20051117  |g PSBO 
900 |a Информатика 
900 |a Языки программирования и методы трансляции 
942 |c BK 
952 |a 552800  |b 220000